| 000 | 00942cab a2200241 4500 | ||
|---|---|---|---|
| 001 | X3220 | ||
| 008 | 090401t1996 xxu||||| |||| 00| 0 eng d | ||
| 035 | _a(Sirsi) u29281 | ||
| 041 | _aeng | ||
| 245 | _aTaunton Deane BC v Hallett | ||
| 260 | _c1996 | ||
| 350 | _a0 | ||
| 490 |
_aPlanning Appeal Decisions _v1996 11 PAD 14-18(5) |
||
| 520 | _aDecision letter 28 September 1995. Fodder store for agricultural use inn connection with adjoining buildings. ANOB. Article 4 direction. To protectct nearby signals station. Effect on visual amenity. Local plan. Economicmic and social well-being of AONB`s. Costs. Council not unreasonable. (Headnote from abstract). | ||
| 650 | _aAGRICULTURAL USE | ||
| 650 | _aAREA OF OUTSTANDING NATURAL BEAUTY | ||
| 650 | _aARTICLE 4 DIRECTION | ||
| 650 | _aFARM BUILDINGS | ||
| 650 | _aLOCAL DEVELOPMENT PLANS | ||
| 690 | _aPLANNING LAW AND PRACTICE-CASE LAW | ||
| 942 | _n0 | ||
| 948 | _c04/03/1997 | ||
| 999 |
_c19719 _d19719 |
||